00696nam a2200241Ia 4500003000900000008004100009040001300050040001300063041000800076100001800084100000800102245002400110250002200134260001500156260000900171300001100180300001000191490000600201600002300207942000700230999001700237952020000254IT-RoPAU120407s9999 xx 000 0 und d aIT-RoPAU cIT-RoPAU aeng aMary Laurence csr. aLove is my calling. aStaten Island, NY aAlba House c1965 a149 p. c21 cm v1 a1. Vita religiosa. cBK c25981d25981 00102ddc406248_700000000000000_2171aPAULUSbPAULUSd2012-04-11l0o248.7.21r2012-04-11 00:00:00w2012-04-11yBKzInserito da: Jole In data: 30 luglio 2011 fondo: Via A.Severo 56 Progr:25084